Magyarország összes folyója - Statistics

General Stats
  • This quiz has been taken 252 times
  • The average score is 9 of 17
Answer Stats
Válaszok % Correct
Duna
99%
Tisza
99%
Dráva
77%
Körös
74%
Maros
72%
Rába
72%
Sió
71%
Zala
54%
Ipoly
48%
Sajó
46%
Zagyva
46%
Bodrog
42%
Hernád
28%
Berettyó
18%
Kapos
18%
Fekete-Körös
12%
Hármas-Körös
5%
No matching quizzes found
Score Distribution
Percent of People with Each Score
Percentile by Number Answered
Your Score History
You have not taken this quiz